000 00883nam a2200265Ia 4500
001 Z_106
003 CHAP
008 220113s1978 xx 000 0 und d
010 _a163074
040 _cCHAP
090 _aFolleto 136 1978
100 _aJiménez López, Jorge
_961575
245 _aCálculo del clima de acuerdo al segundo sistema Thornthwalte /
_cpor Jorge Jiménez López
260 _aMéxico, D. F. :
_bSecretaría de Agricultura y Recursos Hidráulicos. Subsecretaría de Planeación. Subsecretaría de Estudios. Subdirección de Agrología,
_c1978
300 _a27 h. : tablas
440 _aPublicación; 7
_9137308
650 _aClimatología
_923864
650 _aCultivos y clima I. México. Subdirección de Agrología II. t.
_9137309
901 _aFOLLETO 136 1978
902 _aM
910 _a1978
942 _cc14
942 _cc14
999 _c163074
_d163074